[Event "CZE-ch 2020"]
[Site "Pilsen"]
[Date "2020.08.28"]
[Round "6.23"]
[White "Hlozek, David"]
[Black "Vorisek, Jaroslav"]
[Result "1/2-1/2"]
[WhiteElo "2037"]
[BlackElo "2279"]
[Annotator "TA"]
[PlyCount "84"]
[EventDate "2020.08.23"]
[EventType "swiss"]
[EventCountry "CZE"]
[SourceTitle "playchess.com"]
[Source "ChessBase"]
[SourceQuality "1"]

{[%evp 11,84,5,9,6,15,-8,-11,0,0,0,-10,-7,9,0,25,12,53,0,0,0,0,0,18,0,0,0,0,0,0,-58,-54,-88,-88,-72,-11,-23,-16,-5,-37,-60,-60,-69,-66,-50,-17,-14,-27,-33,-27,-110,-103,-123,-39,-149,-144,-171,-119,-123,-27,-27,-27,-27,-27,-27,-18,-18,-18,-18,-18,-18,-18,-18,0,-18,0]} 1. e4 e5 2. Nf3 Nc6 3. d4 exd4 4. Nxd4 Bc5 5. Nxc6 Qf6 6. Qf3 bxc6 7. Nd2 {C45: Scotch Game.} d6 8. Nb3 Bb6 9. a4 {9.Bd2 is vanishing.} a5 10. Bd2 Qxf3 11. gxf3 Ne7 12. Rg1 {[#]} Rg8 $146 ({Predecessor:} 12... Ng6 13. Be3 Bxe3 14. fxe3 f5 15. exf5 Bxf5 16. Nd4 O-O 17. Nxf5 Rxf5 18. f4 Re8 {½-½ (34) Andersen,M (2586)-Sokolov,I (2626) Helsingor 2017}) 13. Be3 c5 14. e5 (14. Nd2 $14) 14... Be6 15. exd6 cxd6 16. Bb5+ Bd7 (16... Kf8 {is interesting.} 17. O-O-O Nf5 18. Bf4 Rd8 19. Bd3 Ne7) 17. O-O-O Bxb5 18. axb5 a4 $1 {[%cal Ra4b3]} 19. Nd2 d5 $1 20. Nb1 (20. c4 $11) 20... f6 $1 $15 21. c4 d4 ({And not} 21... dxc4 22. Na3 $16) 22. Bf4 Kd7 (22... g5 $17 23. Bg3 Kf7) 23. Kc2 g5 24. Bc1 Ke6 25. Rde1+ Kf7 $1 26. f4 {[%cal Rf4g5]} g4 $36 {[%mdl 2048] Black has good play.} 27. Nd2 f5 28. f3 h5 29. fxg4 hxg4 30. Nf1 (30. h3 $11) 30... Rh8 $17 31. Re2 Nc8 (31... Rad8 $17 {And now ...d3+ would win.} 32. Rg3 Ng6) 32. Ng3 ({Better is} 32. Re5 $1 $15 Ne7 33. Ng3 Rxh2+ 34. Kb1) 32... Nd6 33. Rge1 Rae8 (33... Bd8 $19 34. Kd3 Bf6) 34. Rxe8 Rxe8 (34... Nxe8 $17 35. Nxf5 Rxh2+ 36. Kb1 Bc7) 35. Rxe8 $11 Kxe8 $17 {[%mdl 4096] Endgame KBN-KBN} 36. b3 $1 {[%cal Rb3a4]} axb3+ 37. Kxb3 Kf7 38. Bd2 {The position is equal.} Kg6 39. Be1 Bc7 40. Ne2 Ne4 {[#] Threatens to win with ...d3.} 41. Kc2 Kh5 42. Kd3 Kg6 {Accuracy: White = 75%, Black = 77%.} 1/2-1/2

[Event "CZE-ch 2020"]
[Site "Pilsen"]
[Date "2020.08.28"]
[Round "6.24"]
[White "Stinka, Jakub"]
[Black "Bartos, Jan"]
[Result "1/2-1/2"]
[WhiteElo "2299"]
[BlackElo "2131"]
[Annotator "NA"]
[PlyCount "66"]
[EventDate "2020.08.23"]
[EventType "swiss"]
[EventCountry "CZE"]
[SourceTitle "playchess.com"]
[Source "ChessBase"]
[SourceQuality "1"]
[TimeControl "40/5400+30:1800+30"]

1. d4 {[%emt 0:00:00]} e6 {[%emt 0:00:52]} 2. c4 {[%emt 0:00:00]} f5 {[%emt 0:00:04]} 3. g3 {[%emt 0:00:10]} Nf6 {[%emt 0:00:06]} 4. Bg2 {[%emt 0:00:14]} d5 {[%emt 0:00:08]} 5. Nf3 {[%emt 0:00:37]} Be7 {[%emt 0:00:12]} 6. O-O {[%emt 0:00:42]} Ne4 {[%emt 0:00:08]} 7. b3 {[%emt 0:10:12]} Nc6 {[%emt 0:01:53]} 8. Bb2 {[%emt 0:03:29]} Bf6 {[%emt 0:05:33]} 9. e3 {[%emt 0:05:11]} h5 {[%emt 0:00:08]} 10. Ne5 {[%emt 0:09:21]} Bxe5 {[%emt 0:02:40]} 11. dxe5 {[%emt 0:01:04]} h4 {[%emt 0:04:38]} 12. f3 {[%emt 0:09:40]} Ng5 {[%emt 0:24:53]} 13. cxd5 {[%emt 0:03:54]} exd5 {[%emt 0:03:19]} 14. Qe1 {[%emt 0:01:00]} Be6 {[%emt 0:08:23]} 15. gxh4 {[%emt 0:05:16]} Rxh4 {[%emt 0:00:26]} 16. Kh1 $11 {[%emt 0:09:13]} Nf7 {[%emt 0:07:56]} 17. f4 {[%emt 0:07:51]} Rh7 {[%emt 0:09:39]} 18. Nc3 {[%emt 0:07:46]} Ne7 {[%emt 0:00:58]} 19. Rd1 {[%emt 0:02:26]} c6 {[%emt 0:00:53]} 20. Ba3 {[%emt 0:04:22]} Ng6 {[%emt 0:02:18]} 21. e4 {[%emt 0:02:48]} Nh4 {[%emt 0:00:09]} 22. exd5 {[%emt 0:01:14]} Nxg2 {[%emt 0:00:37]} 23. dxe6 {[%emt 0:01:25]} Nxe1 {[%emt 0:00:21]} 24. exf7+ {[%emt 0:00:12]} Kxf7 {[%emt 0:00:32]} 25. Rxd8 {[%emt 0:00:22]} Rxd8 {[%emt 0:00:05]} 26. Rxe1 {[%emt 0:00:12]} Rd3 {[%emt 0:05:07]} 27. e6+ {[%emt 0:06:19]} Ke8 {[%emt 0:00:05]} 28. Bb2 {[%emt 0:03:13]} Rhh3 {[%emt 0:02:06]} 29. Ne2 {[%emt 0:02:09]} Rhe3 {[%emt 0:04:30]} 30. Bc1 {[%emt 0:03:49]} Rxe2 {[%emt 0:01:08]} 31. Rxe2 {[%emt 0:00:39]} Rd1+ {[%emt 0:00:04]} 32. Kg2 {[%emt 0:00:02]} Rxc1 {[%emt 0:00:04]} 33. Kf3 {[%emt 0:00:55]} Rc3+ {[%emt 0:01:00]} 1/2-1/2

[Event "CZE-ch 2020"]
[Site "Pilsen"]
[Date "2020.08.28"]
[Round "6.25"]
[White "Vybiral, Zdenek"]
[Black "Folk, Petr"]
[Result "1/2-1/2"]
[WhiteElo "2221"]
[BlackElo "2122"]
[Annotator "TA"]
[PlyCount "84"]
[EventDate "2020.08.23"]
[EventType "swiss"]
[EventCountry "CZE"]
[SourceTitle "playchess.com"]
[Source "ChessBase"]
[SourceQuality "1"]

{[%evp 22,84,36,37,58,53,65,56,84,76,85,47,101,44,48,-18,-11,-20,-25,-63,-27,-34,0,-33,5,0,0,-1,-1,-17,-2,-20,-5,-182,-184,-187,-189,-189,-186,-175,-164,-180,-185,-209,-164,-212,-154,-222,-218,-229,-115,-97,-111,-106,-84,-94,-33,-36,-33,-47,-22,-25,0,-1,0]} 1. d4 Nf6 2. c4 g6 3. Nc3 Bg7 4. e4 d6 5. f4 O-O 6. Nf3 c5 7. d5 e6 8. dxe6 Bxe6 9. Bd3 Nc6 10. O-O Bg4 11. h3 Bxf3 12. Qxf3 Nd4 {E76: King's Indian: Four Pawns Attack: Lines specific to 6 Nf3 move-order.} 13. Qf2 a6 14. Be3 Re8 {White is slightly better.} 15. Rae1 Nd7 16. Kh1 {[#]} b5 $146 (16... Kh8 $14) ({Predecessor:} 16... Rb8 17. Nd5 Nb6 18. f5 Nxd5 19. exd5 Be5 20. f6 b5 21. b3 bxc4 22. bxc4 Qa5 {1-0 (35) Turov,M (2553)-Kljucharev,S (2314) Sochi 2007}) 17. a3 ({Better is} 17. cxb5 $16 axb5 18. Nxb5 Nxb5 19. Bxb5) 17... Rb8 $14 18. e5 (18. Rd1 $14) 18... dxe5 $11 19. f5 Rf8 20. Rd1 Rb6 21. g4 Qb8 22. Qh4 Re8 23. cxb5 axb5 24. Ne4 Qb7 {White must now prevent ...c4.} 25. Kh2 c4 $36 {[%mdl 2048] Black has some pressure.} 26. Bb1 $1 Qc6 27. Bh6 $2 (27. Rde1 $11) 27... Bxh6 $19 28. Qxh6 gxf5 {[%mdl 64] [#] Discovered Attack} 29. Qxc6 Rxc6 30. gxf5 Nf6 31. Nxf6+ Rxf6 32. Be4 Kh8 33. Rc1 Rg8 34. a4 {[#]} (34. Rf2 $17) 34... Nb3 $1 {[%cal Rb3c1]} ({Don't do} 34... bxa4 35. Rxc4 Rb8 36. Rf2 $17) 35. Rce1 Nd2 ({Black should play} 35... bxa4 $19 {And now ...Rb6 would win.} 36. Bd5 Rb8) 36. Rf2 $17 Nxe4 37. Rxe4 bxa4 38. Rxe5 {KRR-KRR} Rg5 ({Black should try} 38... Rb8 $17 {...Rfb6 is the strong threat.} 39. Kg3 Rb4) 39. Rc5 Kg7 40. Ra5 h5 41. Rxa4 Rfxf5 42. Rc2 Rc5 {Accuracy: White = 63%, Black = 60%.} 1/2-1/2

[Event "CZE-ch 2020"]
[Site "Pilsen"]
[Date "2020.08.28"]
[Round "6.26"]
[White "Vojta, Jakub"]
[Black "Vorisek, Jakub"]
[Result "0-1"]
[WhiteElo "2093"]
[BlackElo "2205"]
[Annotator "ChessBase"]
[PlyCount "164"]
[EventDate "2020.08.23"]
[EventType "swiss"]
[EventCountry "CZE"]
[SourceTitle "playchess.com"]
[Source "ChessBase"]
[SourceQuality "1"]
[TimeControl "40/5400+30:1800+30"]

1. e4 {[%emt 0:00:00]} e6 {[%emt 0:00:00]} 2. d4 {[%emt 0:00:00]} d5 {[%emt 0:00:00]} 3. Nc3 {[%emt 0:00:00]} Bb4 {[%emt 0:01:40]} 4. e5 {[%emt 0:00:00]} c5 {[%emt 0:00:16]} 5. a3 {[%emt 0:00:00]} Ba5 {[%emt 0:01:03]} 6. b4 {[%emt 0:00:08]} cxd4 {[%emt 0:00:32]} 7. Qg4 {[%emt 0:00:04]} Kf8 {[%emt 0:01:10]} 8. Nb5 {[%emt 0:00:10]} Bc7 {[%emt 0:28:10]} 9. Qxd4 {[%emt 0:00:51]} Nc6 {[%emt 0:01:33]} 10. Qc5+ {[%emt 0:00:22]} Nge7 {[%emt 0:00:30]} 11. Nxc7 {[%emt 0:00:48]} Qxc7 {[%emt 0:00:06]} 12. Nf3 {[%emt 0:00:18]} a6 {[%emt 0:09:38]} 13. Bf4 {[%emt 0:13:05]} Bd7 {[%emt 0:02:08]} 14. Bd3 {[%emt 0:02:37]} Rc8 {[%emt 0:02:57]} 15. O-O {[%emt 0:02:10]} Nb8 {[%emt 0:05:35]} 16. Qd6 {[%emt 0:07:39]} Qxd6 {[%emt 0:05:07]} 17. exd6 {[%emt 0:00:10]} Ng6 {[%emt 0:00:09]} 18. Bg3 {[%emt 0:01:33]} Ba4 {[%emt 0:02:06]} 19. h4 {[%emt 0:02:48]} Ke8 {[%emt 0:01:56]} 20. h5 {[%emt 0:02:45]} Nf8 {[%emt 0:00:11]} 21. Rfe1 {[%emt 0:01:54]} f6 {[%emt 0:08:00]} 22. c4 {[%emt 0:09:39]} dxc4 {[%emt 0:00:48]} 23. Rac1 {[%emt 0:00:13]} b5 {[%emt 0:05:02]} 24. Nd4 {[%emt 0:02:51]} Kf7 {[%emt 0:01:49]} 25. Be4 {[%emt 0:02:48]} Re8 {[%emt 0:07:35]} 26. Re3 {[%emt 0:02:13]} Nfd7 {[%emt 0:08:08]} 27. Rce1 {[%emt 0:01:20]} Nb6 {[%emt 0:00:40]} 28. h6 {[%emt 0:02:31]} g6 {[%emt 0:00:36]} 29. f4 {[%emt 0:11:49]} Rd8 {[%emt 0:00:18]} 30. Bb1 {[%emt 0:20:13]} Rxd6 {[%emt 0:00:39]} 31. Nxe6 {[%emt 0:00:35]} Nc6 {[%emt 0:02:52]} 32. f5 {[%emt 0:00:49]} Rd1 {[%emt 0:00:09]} 33. Kf2 {[%emt 0:04:12]} Rxe1 {[%emt 0:00:10]} 34. Kxe1 {[%emt 0:00:29]} Nd5 {[%emt 0:00:14]} 35. Rf3 {[%emt 0:00:30]} g5 {[%emt 0:01:25]} 36. Be4 {[%emt 0:00:19]} Nce7 {[%emt 0:00:55]} 37. Nxg5+ {[%emt 0:01:56]} fxg5 {[%emt 0:00:07]} 38. f6 {[%emt 0:00:04]} g4 {[%emt 0:03:29]} 39. Rf2 {[%emt 0:00:32]} Nxf6 {[%emt 0:00:58]} 40. Be5 {[%emt 0:00:10]} Neg8 {[%emt 0:00:38]} 41. Bd5+ {[%emt 0:30:32]} Kg6 {[%emt 0:03:07]} 42. Bxg8 {[%emt 0:00:00]} Rxg8 {[%emt 0:01:25]} 43. Rxf6+ {[%emt 0:00:00]} Kg5 {[%emt 0:04:12]} 44. Kd2 {[%emt 0:00:00]} Rd8+ {[%emt 0:06:52]} 45. Rd6 {[%emt 0:00:00]} Rxd6+ {[%emt 0:00:08]} 46. Bxd6 {[%emt 0:00:00]} Kxh6 {[%emt 0:00:03]} 47. g3 {[%emt 0:00:00]} Kg5 {[%emt 0:00:08]} 48. Be7+ {[%emt 0:00:00]} Kf5 {[%emt 0:00:09]} 49. Bd8 {[%emt 0:00:00]} Ke4 {[%emt 0:00:35]} 50. Bf6 {[%emt 0:00:00]} Kf3 {[%emt 0:00:42]} 51. Bh4 {[%emt 0:00:00]} h6 {[%emt 0:03:55]} 52. Kc3 {[%emt 0:00:00]} Ke2 {[%emt 0:00:10]} 53. Bf6 {[%emt 0:00:00]} Kd1 {[%emt 0:06:01]} 54. Bg7 {[%emt 0:00:00]} h5 {[%emt 0:00:13]} 55. Bf6 {[%emt 0:00:00]} Kc1 {[%emt 0:04:10]} 56. Bg5+ {[%emt 0:00:00]} Kb1 {[%emt 0:00:37]} 57. Bh4 {[%emt 0:00:00]} Ka2 {[%emt 0:00:29]} 58. Bf6 {[%emt 0:00:00]} Kxa3 {[%emt 0:00:15]} 59. Be7 {[%emt 0:00:00]} Ka2 {[%emt 0:01:10]} 60. Bh4 {[%emt 0:00:00]} Kb1 {[%emt 0:00:08]} 61. Bg5 {[%emt 0:00:00]} Bb3 {[%emt 0:01:06]} 62. Bd8 {[%emt 0:00:00]} Ka2 {[%emt 0:01:08]} 63. Bf6 {[%emt 0:00:00]} Ka3 {[%emt 0:00:09]} 64. Be7 {[%emt 0:00:00]} Ka4 {[%emt 0:00:14]} 65. Bd8 {[%emt 0:00:00]} Bd1 {[%emt 0:01:28]} 66. Bc7 {[%emt 0:00:00]} Bf3 {[%emt 0:00:52]} 67. Bd8 {[%emt 0:00:00]} Ka3 {[%emt 0:00:57]} 68. Be7 {[%emt 0:00:00]} Be4 {[%emt 0:00:31]} 69. Bf6 {[%emt 0:00:00]} Bd3 {[%emt 0:01:02]} 70. Be7 {[%emt 0:00:00]} Ka4 {[%emt 0:00:12]} 71. Bd8 {[%emt 0:00:00]} a5 {[%emt 0:01:47]} 72. Bxa5 {[%emt 0:00:00]} h4 {[%emt 0:00:07]} 73. gxh4 {[%emt 0:00:00]} g3 {[%emt 0:00:05]} 74. Bb6 {[%emt 0:00:00]} g2 {[%emt 0:00:06]} 75. Bc5 {[%emt 0:00:00]} Ka3 {[%emt 0:00:06]} 76. h5 {[%emt 0:00:00]} Ka2 {[%emt 0:00:07]} 77. h6 {[%emt 0:00:00]} Kb1 {[%emt 0:00:11]} 78. Be3 {[%emt 0:00:00]} Bh7 {[%emt 0:00:12]} 79. Kd2 {[%emt 0:00:00]} Kb2 {[%emt 0:00:04]} 80. Bd4+ {[%emt 0:00:00]} Kb3 {[%emt 0:00:06]} 81. Bc5 {[%emt 0:00:00]} c3+ {[%emt 0:00:24]} 82. Kc1 {[%emt 0:00:00]} c2 {[%emt 0:00:09]} 0-1

[Event "CZE-ch 2020"]
[Site "Pilsen"]
[Date "2020.08.28"]
[Round "6.27"]
[White "Ludvik, Tomas"]
[Black "Smolik, Jachym"]
[Result "0-1"]
[WhiteElo "2202"]
[BlackElo "2121"]
[Annotator "TA"]
[PlyCount "100"]
[EventDate "2020.08.23"]
[EventType "swiss"]
[EventCountry "CZE"]
[SourceTitle "playchess.com"]
[Source "ChessBase"]
[SourceQuality "1"]

{[%evp 21,100,35,48,47,47,46,39,29,69,52,103,24,41,0,18,0,9,19,45,33,47,37,108,62,112,98,116,73,76,69,71,77,72,68,70,33,37,0,0,0,0,-8,-8,-8,-15,-76,0,0,39,31,93,-104,-119,-137,-87,-228,-156,-360,-346,-372,-389,-373,-377,-365,-352,-388,-423,-453,-445,-662,-648,-629,-622,-1353,-1217,-4132,-3759,-29977,-29978,-29986,-29987]} 1. d4 Nf6 2. c4 e6 3. Nf3 Bb4+ 4. Nbd2 b6 5. a3 Bxd2+ 6. Qxd2 Bb7 7. e3 O-O 8. Be2 Ne4 9. Qc2 f5 10. O-O d6 11. b4 Nd7 {[#]} 12. d5 $1 {[%mdl 512] Black must now prevent Nd4. E14: Queen's Indian: Classical Variation (4 e3).} e5 (12... exd5 13. Nd4) 13. Nd2 Nxd2 14. Bxd2 {[#] White is slightly better.} Kh8 $146 ({Predecessor:} 14... Qh4 15. f4 Rae8 16. Bd3 e4 17. Be2 Nf6 18. Be1 Qh6 19. Bc3 Re7 20. h3 Qg6 {1-0 (44) Gelfand,B (2759)-Tomashevsky,E (2714) Sochi 2014}) 15. f4 e4 (15... Qf6 $14) 16. g4 (16. Bc3 $16) 16... fxg4 $1 $11 17. Qxe4 Nf6 18. Qg2 b5 19. Bxg4 Qe7 20. Bf3 bxc4 21. e4 $36 {[%mdl 2048] White has some pressure.} Nd7 ({Black should play} 21... c3 $14 22. Bxc3 Nxd5 23. exd5 Qe3+ 24. Kh1 Qxc3) 22. Rac1 Nb6 23. Rfe1 c6 24. a4 Nxa4 25. dxc6 Bxc6 26. Rxc4 Bb5 27. Rd4 a6 28. Be3 Rac8 29. Qd2 Nb6 $1 30. Qf2 Rc3 31. Rdd1 Nc4 32. Bd4 Rb3 33. Bh5 (33. Be2 $11) 33... Rxb4 ({Black should try} 33... Ne5 $17 34. Re3 Rxe3 35. Bxe3 Nd3) 34. Qg3 Bc6 35. Re2 {[%mdl 1024] White has compensation.} Ba4 {[#]} (35... Qb7 $14) 36. Rd3 $2 (36. Rg2 $1 $16 {[%cal Rd4g7][%mdl 512] stays on course.} Rg8 37. Rc1) 36... Rb1+ $17 37. Kg2 Bb5 {...Ne5! is the strong threat.} 38. Rc3 (38. Rf3 $17 {keeps fighting.}) 38... Na5 39. Ree3 $2 {Loses the game.} (39. Re1 $17 Rxe1 40. Qxe1) 39... Nc6 40. Rxc6 Bxc6 41. Bf3 a5 {[%cal Ba6a5,Ba5a4,Ba4b3,Bb3b2][%mdl 32]} 42. h4 a4 43. h5 {intending h6.} h6 44. Qg6 Kg8 45. e5 (45. f5 $142 Rb3 46. Rxb3 axb3 47. Kg3) 45... Bxf3+ $19 46. Rxf3 Rb3 47. Rxb3 axb3 48. exd6 Qf7 49. Qd3 Qd5+ {[%mdl 64] Double Attack} 50. Kg3 b2 {Accuracy: White = 46%, Black = 69%.} 0-1

[Event "CZE-ch 2020"]
[Site "Pilsen"]
[Date "2020.08.28"]
[Round "6.28"]
[White "Flajsman, Pavel"]
[Black "Koubova, Anna Marie"]
[Result "1/2-1/2"]
[WhiteElo "2184"]
[BlackElo "2099"]
[Annotator "TA"]
[PlyCount "96"]
[EventDate "2020.08.23"]
[EventType "swiss"]
[EventCountry "CZE"]
[SourceTitle "playchess.com"]
[Source "ChessBase"]
[SourceQuality "1"]

{[%evp 10,96,6,0,60,0,22,2,-18,-33,-31,-34,-25,-38,-30,-47,7,-7,0,0,0,-4,-4,-29,0,-27,108,0,0,0,0,13,8,1,16,4,4,18,72,-28,41,44,165,162,185,184,177,163,155,78,73,70,85,68,108,84,135,133,131,124,108,0,119,70,108,0,0,-22,-60,-216,-213,-243,-239,-289,-300,-463,0,0,0,-442,0,-62,0,0,0,0,0,0,0]} 1. d4 d5 2. Nf3 Nf6 3. c4 dxc4 4. g3 c6 5. Bg2 e6 6. O-O Bd6 {E04: Open Catalan: 5 Nf3.} (6... b5 $11) 7. Nbd2 {[%mdl 1024] White has compensation.} b5 8. e4 {[#]} Be7 $146 ({Predecessor:} 8... Bb4 9. e5 Nd5 10. Ne4 h6 11. b3 c3 12. a3 Be7 13. Qc2 Qa5 14. Be3 Nd7 {0-1 (36) Goslawski,M (2018)-Liberadzki,S (2003) Warsaw 2010}) 9. e5 Nd5 10. Ne4 O-O 11. Bg5 Nd7 12. b3 cxb3 (12... Bxg5 $15 13. Nfxg5 h6 14. bxc4 bxc4) 13. axb3 Bxg5 14. Nfxg5 h6 15. Nf3 Qb6 16. Qc1 Bb7 17. g4 Rac8 (17... f6 $11) 18. Nc5 (18. g5 $1 $16) 18... Rcd8 19. g5 hxg5 20. Nxg5 Nxc5 21. dxc5 Qc7 22. Qc2 {[%csl Gg5][%cal Rc2h7]} (22. Rxa7 Qxe5 23. f4 (23. Rxb7 Nf4 $17) 23... Qd4+ 24. Kh1 Rd7 $15) 22... g6 23. Qe4 $40 {[%mdl 128] Black must now prevent Qh4. White has some attack.} Kg7 (23... Bc8 $11 {keeps the balance.}) 24. b4 (24. Rxa7 $16 Rd7 25. b4) 24... a5 (24... Bc8 $11) 25. Rxa5 $14 Nc3 (25... Rh8 $14) 26. Qe3 $18 Nd5 27. Bxd5 $1 cxd5 28. Qd4 (28. Rxb5 Ba6 $11) 28... Rh8 29. f4 ({Better is} 29. Ra7) 29... Qe7 30. Rf2 Bc6 31. Ra6 Rc8 32. Rg2 Rh5 (32... Qb7 $142 33. Rga2 Qd7) 33. Rg3 $16 Qb7 34. Rga3 {And now Ra7 would win.} Qe7 35. Rg3 Qb7 $1 {[%cal Rb7a6]} 36. Ra5 Ra8 {intending ...Rxa5.} 37. Rxa8 (37. Rga3 $1 $16 Rxa5 38. Rxa5 (38. bxa5 b4 $11)) 37... Qxa8 $11 38. Qd1 Rh4 {Hoping for ...Qa2.} 39. Qd4 $2 (39. Qb1 $15 Qe8 40. Nf3 Rxf4 41. Qc1 Rxb4 42. Rh3 Rg4+ 43. Kf1) 39... Qa2 $19 40. Nf3 Qb1+ 41. Kg2 Qc2+ 42. Nd2 {[#]} (42. Kh1 {was called for.} Qc1+ 43. Qg1 Qxg1+ 44. Kxg1 Rxf4 45. h4) 42... Qd1 $2 (42... Qf5 $1 $19 43. Rf3 g5) 43. Nf3 $11 Qc2+ $2 {[%mdl 8192]} (43... Qe2+ $11 44. Kg1 Rh5) 44. Nd2 $19 {[#]} Qd1 $2 (44... Qf5 $1 $19 45. Rf3 g5) 45. h3 ({White should play} 45. Nf3 $11 Qc2+) 45... Qe2+ ({Black should try} 45... Kf8 $15 46. Rg5 Qe2+ 47. Kg3 Rh8) 46. Kg1 $1 $11 {The position is equal.} Qe1+ ({Don't blunder} 46... Rxh3 $2 47. Rxh3 Qd1+ 48. Kf2 $18) 47. Kh2 Qe2+ 48. Kg1 $1 Qe1+ {Accuracy: White = 60%, Black = 64%.} ({Avoid the trap} 48... Rxh3 $2 49. Rxh3 Qg4+ 50. Kh2 $18) 1/2-1/2

[Event "CZE-ch 2020"]
[Site "Pilsen"]
[Date "2020.08.28"]
[Round "6.29"]
[White "Novotny, Martin"]
[Black "Nemcova, Karin"]
[Result "1-0"]
[WhiteElo "2180"]
[BlackElo "1983"]
[Annotator "TA"]
[PlyCount "89"]
[EventDate "2020.08.23"]
[EventType "swiss"]
[EventCountry "CZE"]
[SourceTitle "playchess.com"]
[Source "ChessBase"]
[SourceQuality "1"]

{[%evp 12,89,0,3,-1,7,9,7,9,12,3,14,20,12,63,16,9,7,17,18,44,42,47,46,57,14,13,13,14,11,17,8,10,-8,-3,-96,-106,-106,-94,-101,0,0,0,0,0,0,-20,-108,0,0,30,0,0,0,208,206,274,284,397,391,359,89,81,0,79,47,40,0,0,-8,29,9,133,27,18,18,43,0,686,673]} 1. d4 Nf6 2. c4 e6 3. Nc3 Bb4 4. Bd2 d5 5. e3 O-O 6. Nf3 Nbd7 7. Bd3 {7.Rc1 is the hot move.} dxc4 {E51: Nimzo-Indian: Rubinstein: 4...0-0 5 Nf3 d5.} 8. Bxc4 c5 9. a3 Bxc3 {The position is equal.} 10. Bxc3 Ne4 11. Rc1 {[#]} Nxc3 $146 ({Predecessor:} 11... Nb6 12. Bd3 Nxc3 13. Rxc3 cxd4 14. exd4 Nd5 15. Rc2 Bd7 16. Qb1 Bc6 17. O-O Nf4 18. Bxh7+ {1-0 (44) Dos Santos,N-Coelho,W Brasilia 1985}) 12. Rxc3 Nb6 (12... cxd4 $11 13. Qxd4 Nb6) 13. Be2 cxd4 14. Nxd4 Nd5 15. Rd3 Qf6 16. Bf3 b6 17. Bxd5 exd5 18. b4 Qg6 19. g3 Bh3 20. f3 Rac8 21. Kf2 Bd7 22. Re1 Rc4 23. Ne2 {[#]} (23. e4 $11) 23... Ba4 $1 $17 {[%cal Ra4d1][%mdl 512]} 24. Qd2 (24. Qxa4 Qxd3) 24... Rc2 25. Qd1 Qh5 (25... Qh6 $17 26. h4 Re8) 26. h4 $11 Qf5 27. Rxd5 Qh3 28. Rg1 Ra2 29. Qd3 {[#]} (29. Qe1 $1 $11 {was the only way to keep the balance.}) 29... Bc2 ({Black should try} 29... a6 $1 $17 {[%mdl 512]} 30. e4 (30. Qxa6 b5) 30... Bb5 31. Rxb5 axb5) 30. Qc3 $1 Rc8 {White must now prevent ...h6.} (30... Bd1 $5 31. Rd2 $8 Rxd2 32. Qxd2 Bxe2 33. Qxe2 Rc8 $11) 31. Rd2 (31. Rh1 $5 Qe6 32. Rc1 $14) 31... h6 32. Qd4 Rxa3 $2 (32... Qh2+ $1 $11 {and Black stays safe.} 33. Rg2 Qh1) 33. Nf4 $18 Qf5 34. Rc1 {Hoping for g4.} Rac3 35. g4 ({Not} 35. Nd5 Qh3 $16) 35... Qb5 36. Nh5 $2 (36. Nd5 $18 {and the rest is easy.} R3c4 37. Ne7+ Kh7 38. Qd6 (38. Nxc8 Rxd4 39. Rxd4 Bb3 $11)) 36... f6 $16 37. Qd6 (37. Qd7 $16 Qxd7 38. Rxd7) 37... Qc6 (37... Qe8 $11 38. Qd4 Kh7) 38. Qe7 {[%csl Gh5][%cal Re7g7]} Qc7 39. Qe6+ Kh8 {( -> ...Qh2+)} 40. Nf4 $132 {[%mdl 2048] And now Rd7 would win. White puts up resistance} Rc6 41. Qd5 Kh7 (41... a5 $1 $11 {keeps the balance.}) 42. h5 (42. b5 $16 Rc3 43. g5) 42... a5 $11 43. b5 Rc3 44. Qe6 {aiming for Rd7.} (44. Qd6 $5 {[%cal Rd6c7]}) 44... Rd8 $2 {[%mdl 8192] [#]} (44... Bb3 $11 45. Rxc3 Qxc3 46. Qe4+ Kg8) 45. Rcxc2 $1 {[%mdl 576] Remove Defender. Accuracy: White = 56%, Black = 60%.} 1-0

[Event "CZE-ch 2020"]
[Site "Pilsen"]
[Date "2020.08.28"]
[Round "6.30"]
[White "Laurincova, Kristyna"]
[Black "Pychova, Nela"]
[Result "0-1"]
[WhiteElo "2008"]
[BlackElo "2159"]
[Annotator "TA"]
[PlyCount "84"]
[EventDate "2020.08.23"]
[EventType "swiss"]
[EventCountry "CZE"]
[SourceTitle "playchess.com"]
[Source "ChessBase"]
[SourceQuality "1"]

{[%evp 15,84,0,0,0,0,0,0,-24,-18,-26,-14,-31,-30,-35,-27,-48,-37,-75,-27,-94,-91,-142,-133,-145,-118,-147,-122,-347,-350,-642,-632,-847,-858,-856,-850,-1055,-913,-1017,-756,-748,-747,-747,-736,-731,-743,-679,-481,-480,-468,-576,-560,-700,-335,-555,-470,-1519,-1491,-1429,-725,-867,0,-1389,-1302,-1320,-940,-912,-522,-757,-642,-1062,-1020]} 1. e4 e5 2. Nc3 Nc6 3. Bc4 Nf6 4. d3 Bb4 5. Nge2 d5 6. exd5 Nxd5 7. O-O Be6 8. Bxd5 Bxd5 9. f4 {C28: Vienna Game: 2...Nf6 3 Bc4 Nc6.} O-O {9...f6 gains popularity. Played by Santosh Gujrathi Vidit in May 2020.} 10. f5 f6 11. Ng3 {The position is equal.} Bxc3 12. bxc3 Ne7 13. Qg4 {[#]} Rf7 $146 ({Predecessor:} 13... Nc8 14. Ne4 Nd6 15. Ba3 Rf7 16. Nxd6 cxd6 17. Qb4 Rd7 18. Bc1 Qb6+ 19. Rf2 Qxb4 20. cxb4 {½-½ (69) Cotonnec,M (2320)-Koziak,V (2510) Les Sables d'Olonne 2017}) 14. Nh5 Kh8 15. Ba3 Bc6 16. Rae1 Ng8 17. Qh4 {[#]} (17. Rf2 $11) 17... Qd5 $1 $17 {[%csl Gc6][%cal Rd5g2][%mdl 576] Double Attack} 18. Re2 ({Better is} 18. Qf2) 18... Qxa2 19. Bc1 Qa5 20. Bd2 Qa4 $36 {[%mdl 2048] White is under strong pressure.} 21. d4 $2 (21. Qxa4 $17 Bxa4 22. Bc1) 21... Bb5 $19 {[%mdl 64] Skewer} ({Weaker is} 21... Qxc2 22. dxe5 fxe5 23. Qc4 $17) 22. Re4 $2 (22. c4 Qxc4 {[%mdl 64] Double Attack} 23. Rff2) 22... Bxf1 23. dxe5 Qxc2 {And now ...fxe5 would win.} 24. e6 Re7 {White must now prevent ...Bd3.} 25. Nf4 Nh6 26. Be3 Bd3 27. Nxd3 Qxd3 28. Bxh6 Qb1+ ({Less strong is} 28... gxh6 29. Qxf6+ Rg7 {[#]} 30. e7 $3 $15 {[%mdl 512]}) 29. Kf2 Qc2+ ({Worse is} 29... gxh6 30. Qxf6+ Rg7 31. Rg4 $11) 30. Kf3 Qxc3+ 31. Be3 Rd8 32. Qh5 Qc2 33. Kf4 Qd1 (33... Qxg2 $142 34. Qg4 Qxh2+ 35. Qg3 Qc2) 34. Qh4 $2 (34. Qxd1 Rxd1 35. Ra4) 34... Qf1+ 35. Bf2 (35. Qf2 $142 Qd3 36. h3) 35... Rd2 36. Kf3 Qd1+ 37. Kf4 {[#]} Qf1 $1 {[%mdl 64] Double Attack} 38. Kf3 $1 Rd3+ {Black is clearly winning.} 39. Kf4 Qc1+ 40. Be3 Qa3 41. Qh5 Kg8 {Hoping for ...Qd6+.} 42. Rd4 Rxd4+ {White did not feel at home in the position after the opening. Accuracy: White = 41%, Black = 63%.} 0-1